| 000 | 03133cam a22006017a 4500 | ||
|---|---|---|---|
| 003 | CHAP | ||
| 005 | 20220329135730.0 | ||
| 008 | 971013m1980 us r 00010 eng d | ||
| 010 | _a41253 | ||
| 011 | _a42225 | ||
| 035 | _a46353 | ||
| 040 | _cCHAP | ||
| 082 | 0 | 4 |
_a330.05 _bF6 |
| 110 | 2 |
_aFondo Monetario Internacional _942119 |
|
| 245 | 1 | 0 |
_aWorld economic outlook, 1980-19 _c/by Fondo Monetario Internacional |
| 260 |
_aWashington : _b(s.e.), _c1980-19 . |
||
| 300 | _av. | ||
| 500 | _aLa biblioteca tiene : 1982, 1985, 1986, 1987, 1988, 1990, 1991, 1992, 1993 (2v.), 1994, 1995, 1996, 1997, 1998, 1999, 2000, 2002, 2003, 2004, 2005, 2006 (2v.), 2008, 2009,2010, 2011 | ||
| 590 |
_aBATCH-UPD _b10 _c20130110 _lUCH01 _h2253 |
||
| 590 |
_aBATCH-UPD _b10 _c20130410 _lUCH01 _h1547 |
||
| 590 |
_aBATCH-UPD _b10 _c20130914 _lUCH01 _h1231 |
||
| 590 |
_aCONVERSION _b10 _c20130109 _lUCH01 _h1323 |
||
| 650 | 1 | 4 |
_aEconomía _xAnuarios. _935228 |
| 901 | _aBK | ||
| 942 | _cLIBRO | ||
| 949 |
_a330.05 F6 _bBC _cC _d33724000010617 _eC _f1995 _gI.180231 _h88382 _i46353 _si _t218.00 |
||
| 949 |
_a330.05 F6 _bBC _cC _d33724000529608 _eC _f1990 _h84163 _i46353 _si |
||
| 949 |
_a330.05 F6 _bBC _cC _d33724000529616 _eC _f1993 _h84927 _i46353 _si |
||
| 949 |
_a330.05 F6 _bBC _cC _d33724000529624 _eC _f1993 _h84926 _i46353 _si |
||
| 949 |
_a330.05 F6 _bBC _cC _d33724000529657 _eC _f1994 _h87599 _i46353 _si |
||
| 949 |
_a330.05 F6 _bBC _cC _d33724000529822 _eC _f1985 _gI.126913 _h66734 _i46353 _si |
||
| 949 |
_a330.05 F6 _bBC _cC _d33724000529848 _eC _f1991 _h84164 _i46353 _si |
||
| 949 |
_a330.05 F6 _bBC _cC _d33724000529855 _eC _f1988 _h72743 _i46353 _si |
||
| 949 |
_a330.05 F6 _bBC _cC _d33724000529863 _eC _f1987 _gI.138597 _h72166 _i46353 _si |
||
| 949 |
_a330.05 F6 _bBC _cC _d33724000529871 _eC _f1982 _h66733 _i46353 _si |
||
| 949 |
_a330.05 F6 _bBC _cC _d33724000529889 _eC _f1992 _h84928 _i46353 _si |
||
| 949 |
_a330.05 F6 _bBC _cC _d33724000532685 _eC _f1986 _gI.131801 _h586 _i46353 _si |
||
| 949 |
_a330.05 F6 _bBC _cC _d33724000697207 _eC _f1996 _gI.193780 _h93702 _i46353 _sb _t302.25 |
||
| 949 |
_a330.05 F6 _bBC _cC _d33724000697215 _eC _f1997 _gI.193780 _h93703 _i46353 _sb _t302.25 |
||
| 949 |
_a330.05 F6 _bBC _cC _d33724000724803 _eC _f1998 _gI. 198129 _h95230 _i46353 _sb _t328.36 |
||
| 949 |
_a330.05 F6 _bBC _cC _d33724000735122 _eC _f1999 _h95489 _i46353 _sb |
||
| 949 |
_a330.05 F6 _bBC _cC _d33724000782231 _eC _f2000 _h98448 _i46353 _si |
||
| 949 |
_a330.05 F6 _bBC _cC _d33724000871372 _eC _f2004 _h104697 _i46353 _sb |
||
| 949 |
_a330.05 F6 _bBC _cC _d33724000872842 _eC _f2003 _h103686 _i46353 _sb |
||
| 949 |
_a330.05 F6 _bBC _cC _d33724000876827 _eC _f2002 _gDonaciØn _h102919 _i46353 _sb |
||
| 949 |
_a330.05 F6 _bBC _cC _d33724000973202 _eC _f2005 _h107418 _i46353 _sb |
||
| 949 |
_a330.05 F6 _bBC _cC _d33724000991428 _eC _f2006 _h108127 _i46353 _sb |
||
| 949 |
_a330.05 F6 _bBC _cC _d33724002030116 _eC _f2006 _h108490 _i46353 _sb |
||
| 949 |
_a330.05 F6 _bBC _cC _d33724002081058 _eC _f2008 _h110739 _i46353 _sb |
||
| 949 |
_a330.05 F6 _bBC _cC _d33724002119743 _eC _f2009 _gI.c/e _h112588 _i46353 _st |
||
| 949 |
_a330.05 F6 _bBC _cC _d33724002176553 _eC _f2010 _h113431 _i46353 _sb |
||
| 949 |
_a330.05 F6 _bBC _cC _d33724002301454 _eC _f2011 _gDonaciØn _h115465 _i46353 _sb |
||
| 999 |
_c41253 _d41253 |
||